[Event "EU Union-ch U08"]
[Site "Kouty nad Desnou"]
[Date "2023.08.24"]
[Round "9"]
[White "Flecher, Benjamin"]
[Black "Rosca, Dragos Ioan"]
[Result "1/2-1/2"]
[WhiteElo "1012"]
[BlackElo "1275"]
[PlyCount "108"]
[EventDate "2023.08.16"]
[EventType "swiss"]
[EventRounds "9"]
[EventCountry "CZE"]
[SourceTitle "EXT 2024"]
[Source "ChessBase"]
[SourceDate "2023.10.10"]
[SourceVersion "1"]
[SourceVersionDate "2023.10.10"]
[SourceQuality "1"]

1. d4 d5 2. c4 dxc4 3. e3 e5 4. Bxc4 exd4 5. Qxd4 Qxd4 6. exd4 Nf6 7. Nf3 Bd6 8. Nc3 c6 9. Bg5 b5 10. Bb3 Bf5 11. 0-0 0-0 12. d5 c5 13. Nxb5 Rd8 14. Rac1 Na6 15. Bc4 Rab8 16. Nxd6 Rxd6 17. b3 Nb4 18. Bf4 Rbd8 19. Bxd6 Rxd6 20. a3 Nbxd5 21. Rcd1 h6 22. Rd2 Be6 23. Rfd1 Ne4 24. Rd3 Nef6 25. Ne1 Bf5 26. R3d2 Be6 27. Nc2 Ne4 28. Rd3 Kf8 29. Ne3 Nxe3 30. Rxd6 Nxd6 31. Rxd6 Bxc4 32. bxc4 Nxc4 33. Rc6 Nxa3 34. Rxc5 Ke7 35. Ra5 Nc4 36. Rxa7+ Kf6 37. Kf1 g5 38. Ra8 h5 39. Ke2 Ne5 40. Ra6+ Kf5 41. Rh6 h4 42. Rh5 Ng6 43. g3 Kg4 44. Rh7 Ne5 45. f4 Ng6 46. fxg5 hxg3 47. hxg3 Kxg3 48. Rxf7 Kg4 49. Rf3 Kxg5 50. Ke3 Kh6 51. Rf5 Kg7 52. Ke4 Kh6 53. Rf6 Kg5 54. Rxg6+ Kxg6 1/2-1/2

[Event "EU Union-ch U08"]
[Site "Kouty nad Desnou"]
[Date "2023.08.22"]
[Round "7"]
[White "Rosca, Dragos Ioan"]
[Black "Robin, Lionel"]
[Result "1-0"]
[WhiteElo "1275"]
[BlackElo "1206"]
[PlyCount "131"]
[EventDate "2023.08.16"]
[EventType "swiss"]
[EventRounds "9"]
[EventCountry "CZE"]
[SourceTitle "EXT 2024"]
[Source "ChessBase"]
[SourceDate "2023.10.10"]
[SourceVersion "1"]
[SourceVersionDate "2023.10.10"]
[SourceQuality "1"]

1. e4 e6 2. d4 d5 3. exd5 exd5 4. Bd3 Nf6 5. h3 Nc6 6. c3 Be7 7. Qf3 0-0 8. Ne2 Re8 9. 0-0 Bd6 10. Bf4 Bxf4 11. Nxf4 a6 12. Nd2 b5 13. a3 h6 14. Rfe1 Bb7 15. Rxe8+ Qxe8 16. Nxd5 Nxd5 17. Qxd5 Nd8 18. Qh5 Ne6 19. Re1 Bxg2 20. Rxe6 Qxe6 21. Kxg2 Re8 22. Be4 Qd6 23. Qf3 Re6 24. Bd5 Rg6+ 25. Kf1 Rf6 26. Ne4 Rxf3 27. Nxd6 Rxh3 28. Nxf7 Kh7 29. Be4+ Kg8 30. Ne5 g5 31. Kg2 Rh4 32. f3 Rf4 33. b4 Rf8 34. Bb7 Rb8 35. Bxa6 Ra8 36. Bxb5 Rxa3 37. c4 Rb3 38. Nc6 Rb2+ 39. Kg3 h5 40. c5 Kg7 41. Bc4 Rc2 42. Bd5 Rc3 43. b5 g4 44. b6 cxb6 45. cxb6 gxf3 46. b7 h4+ 47. Kf2 Rc2+ 48. Kxf3 Rb2 49. b8Q Rxb8 50. Nxb8 Kf6 51. Kf4 h3 52. Nc6 h2 53. Bf3 Ke6 54. d5+ Kd6 55. Kg3 h1Q 56. Bxh1 Kc5 57. Nd8 Kd6 58. Nb7+ Kc7 59. d6+ Kd7 60. Bd5 Kc8 61. Bc6 Kb8 62. d7 Kc7 63. Bb5 Kxb7 64. d8Q Ka7 65. Qc7+ Ka8 66. Bc6# 1-0

[Event "EU Union-ch U08"]
[Site "Kouty nad Desnou"]
[Date "2023.08.18"]
[Round "3"]
[White "Grigore, Melania Cristina"]
[Black "Rosca, Dragos Ioan"]
[Result "0-1"]
[WhiteElo "1006"]
[BlackElo "1275"]
[PlyCount "84"]
[EventDate "2023.08.16"]
[EventType "swiss"]
[EventRounds "9"]
[EventCountry "CZE"]
[SourceTitle "EXT 2024"]
[Source "ChessBase"]
[SourceDate "2023.10.10"]
[SourceVersion "1"]
[SourceVersionDate "2023.10.10"]
[SourceQuality "1"]

1. e4 d5 2. exd5 Qxd5 3. Nc3 Qa5 4. d4 c6 5. Bd2 Qc7 6. Bd3 Nf6 7. h3 g6 8. Qf3 h5 9. 0-0-0 Be6 10. Kb1 Nd5 11. Nge2 Nb4 12. a3 Nxd3 13. Qxd3 Bf5 14. Qf3 h4 15. Bf4 Qc8 16. g3 hxg3 17. Bxg3 Bxh3 18. Bxb8 Bg4 19. Qg3 Rxh1 20. Rxh1 Bxe2 21. Nxe2 Qxb8 22. Qxb8+ Rxb8 23. Rh8 Kd7 24. Rh7 Ke6 25. Nf4+ Kf6 26. d5 g5 27. Nh5+ Kg6 28. Rh8 cxd5 29. Ng3 e6 30. Rg8+ Kh6 31. Rh8+ Kg7 32. Rh5 Be7 33. Rh1 Rh8 34. Rxh8 Kxh8 35. Kc1 Bd6 36. Kd2 Bxg3 37. fxg3 f5 38. Ke2 Kg7 39. Kf3 Kf6 40. g4 f4 41. b4 e5 42. b5 e4+ 0-1

[Event "EU Union-ch U08"]
[Site "Kouty nad Desnou"]
[Date "2023.08.17"]
[Round "2"]
[White "Rosca, Dragos Ioan"]
[Black "Rouanet, Henri"]
[Result "1-0"]
[WhiteElo "1275"]
[BlackElo "1138"]
[PlyCount "97"]
[EventDate "2023.08.16"]
[EventType "swiss"]
[EventRounds "9"]
[EventCountry "CZE"]
[SourceTitle "EXT 2024"]
[Source "ChessBase"]
[SourceDate "2023.10.10"]
[SourceVersion "1"]
[SourceVersionDate "2023.10.10"]
[SourceQuality "1"]

1. e4 d5 2. exd5 Nf6 3. Bb5+ c6 4. dxc6 Nxc6 5. Nf3 Bg4 6. h3 Bh5 7. g4 Bg6 8. Ne5 Qd5 9. Bxc6+ bxc6 10. Nf3 Be4 11. Nc3 Bxf3 12. Nxd5 Bxd1 13. Nxf6+ exf6 14. Kxd1 Rd8 15. Re1+ Be7 16. b3 Rd7 17. Ba3 Kd8 18. Rxe7 Rxe7 19. Bxe7+ Kxe7 20. d4 Rd8 21. c3 c5 22. Ke2 cxd4 23. cxd4 Rxd4 24. Rc1 Kd6 25. Rc8 Rd5 26. Rf8 Ke7 27. Ra8 Rd7 28. Rh8 Rd8 29. Rxh7 Rg8 30. Ke3 Ke6 31. f4 f5 32. g5 f6 33. g6 Ke7 34. h4 Re8 35. Kf3 Rg8 36. a4 Kd6 37. Ke3 Kc5 38. Kd3 Kb4 39. Kc2 Ka3 40. h5 Rc8+ 41. Kd3 Kxb3 42. Rxg7 Rc3+ 43. Kd2 Rc2+ 44. Kd1 Rc4 45. Rb7+ Ka3 46. g7 Rd4+ 47. Ke2 Re4+ 48. Kf3 Re8 49. h6 1-0